Country Knowledge - Tile Select - Statistics

General Stats
  • This quiz has been taken 45 times
  • The average score is 36 of 60
Answer Stats
Question Tile Select % Correct
with more than one time zone Australia Yes
92%
never visited by a U.S. president while in office Chile No
92%
with more than one time zone Poland No
92%
never visited by a U.S. president while in office Denmark No
86%
never visited by a U.S. president while in office Malaysia No
86%
which have never won an olympic medal Venezuela No
86%
never visited by a U.S. president while in office Costa Rica No
84%
with more than one time zone Cuba No
84%
with more than one time zone Ethiopia No
84%
which have never won an olympic medal Peru No
84%
with an average yearly temperature of over 25°C (77°F) United Arab Emirates Yes
84%
where Basketball is the most popular sport Belarus No
78%
with more than one time zone Brazil Yes
78%
where Basketball is the most popular sport Uruguay No
78%
with an average yearly temperature of over 25°C (77°F) Bolivia No
76%
where Basketball is the most popular sport Japan No
73%
with an average yearly temperature of over 25°C (77°F) Madagascar No
73%
with an average yearly temperature of over 25°C (77°F) Sudan Yes
73%
with an average yearly temperature of over 25°C (77°F) South Africa No
70%
which have never won an olympic medal Guatemala No
68%
with an average yearly temperature of over 25°C (77°F) Mali Yes
68%
where Basketball is the most popular sport Ukraine No
68%
with more than one time zone China No
65%
which have never won an olympic medal Guinea Yes
65%
which have never won an olympic medal San Marino No
65%
which have never won an olympic medal Mongolia No
62%
where Basketball is the most popular sport Lithuania Yes
59%
which have never won an olympic medal Myanmar Yes
59%
never visited by a U.S. president while in office Namibia Yes
59%
where Basketball is the most popular sport New Zealand No
59%
with an average yearly temperature of over 25°C (77°F) Singapore Yes
59%
never visited by a U.S. president while in office Uganda No
59%
which have never won an olympic medal Zambia No
59%
where Basketball is the most popular sport Nicaragua No
57%
which have never won an olympic medal Fiji No
54%
with more than one time zone Indonesia Yes
54%
with an average yearly temperature of over 25°C (77°F) Israel No
51%
never visited by a U.S. president while in office Sri Lanka Yes
51%
which have never won an olympic medal El Salvador Yes
49%
never visited by a U.S. president while in office Kazakhstan Yes
49%
never visited by a U.S. president while in office Luxembourg Yes
49%
with an average yearly temperature of over 25°C (77°F) Mexico No
49%
which have never won an olympic medal Sri Lanka No
49%
where Basketball is the most popular sport Dominican Republic No
46%
with an average yearly temperature of over 25°C (77°F) Philippines Yes
46%
never visited by a U.S. president while in office St. Lucia No
46%
with more than one time zone Denmark Yes
43%
with an average yearly temperature of over 25°C (77°F) Samoa Yes
43%
where Basketball is the most popular sport Estonia Yes
41%
where Basketball is the most popular sport Philippines Yes
41%
never visited by a U.S. president while in office Albania No
38%
with more than one time zone Mongolia Yes
38%
never visited by a U.S. president while in office Paraguay Yes
38%
with more than one time zone South Africa Yes
35%
where Basketball is the most popular sport China Yes
32%
with more than one time zone India No
32%
with an average yearly temperature of over 25°C (77°F) Morocco No
32%
where Basketball is the most popular sport Seychelles Yes
32%
which have never won an olympic medal Bosnia and Herzegovina Yes
30%
with more than one time zone Ecuador Yes
22%
No matching quizzes found
Score Distribution
Percent of People with Each Score
Percentile by Number Answered
Your Score History
You have not taken this quiz